[Event "N�-LL 2005/06"]
[Site "?"]
[Date "2006.02.19"]
[Round "10"]
[White "Ganaus, Hannes"]
[Black "Loidl, Florian"]
[Result "0-1"]
[WhiteElo "2368"]
[BlackElo "2132"]
[Annotator "St.P�lten : B�hlerwerk"]
[PlyCount "66"]
[EventDate "2005.09.27"]
[SourceDate "2006.02.22"]

1. Nf3 c5 2. b3 Nc6 3. Bb2 d6 4. e3 e5 5. c4 f5 6. d3 g5 7. Nc3 Bg7 8. Nd5 g4
9. Nd2 Nf6 10. h3 O-O 11. hxg4 fxg4 12. Nxf6+ Qxf6 13. Ne4 Qg6 14. g3 Bf5 15.
Bg2 Rab8 16. Qd2 h5 17. Qe2 a6 18. Rh2 b5 19. Nxc5 Nb4 20. a3 e4 21. axb4 dxc5
22. dxe4 Be6 23. Rxa6 Rbd8 24. Ra7 Rf7 25. Rxf7 Qxf7 26. e5 bxc4 27. f3 cxb3
28. Bf1 c4 29. f4 Bf8 30. f5 Bxb4+ 31. Kf2 Rd2 32. Qxd2 Bxd2 33. Bg2 c3 0-1

[Event "N�-LL 2005/06"]
[Site "?"]
[Date "2006.02.19"]
[Round "10"]
[White "Brandst�tter, Friedrich"]
[Black "Wallner, Erich"]
[Result "1/2-1/2"]
[WhiteElo "2108"]
[BlackElo "2127"]
[Annotator "St.P�lten : B�hlerwerk"]
[PlyCount "73"]
[EventDate "2005.09.27"]
[SourceDate "2006.02.22"]

1. e4 c6 2. d4 d5 3. e5 Bf5 4. Nf3 e6 5. c4 Ne7 6. Nc3 Nd7 7. Bd3 dxc4 8. Bxc4
Nd5 9. O-O Be7 10. Bd3 Nxc3 11. bxc3 Bxd3 12. Qxd3 O-O 13. c4 h6 14. Rd1 Qa5
15. Bd2 Qa6 16. Qb3 b5 17. Rac1 bxc4 18. Qxc4 Qxc4 19. Rxc4 Rfc8 20. Rb1 Kf8
21. Rb2 Nb6 22. Rcc2 c5 23. dxc5 Rxc5 24. Rxc5 Bxc5 25. Kf1 Nd5 26. Ke2 Ke8 27.
Ne1 Rc8 28. Rb3 Bb6 29. f3 Rc4 30. Kd3 Ra4 31. a3 Kd7 32. Nc2 a5 33. h3 Kc6 34.
Bc1 Rh4 35. Bd2 Ra4 36. Bc1 Rh4 37. Bd2 1/2-1/2

[Event "N�-LL 2005/06"]
[Site "?"]
[Date "2006.02.19"]
[Round "10"]
[White "Engelhardt, Richard"]
[Black "Semeck, Horst"]
[Result "1-0"]
[WhiteElo "2163"]
[BlackElo "1925"]
[Annotator "St.P�lten : B�hlerwerk"]
[PlyCount "69"]
[EventDate "2005.09.27"]
[SourceDate "2006.02.22"]

1. g3 d5 2. Bg2 e5 3. d3 Nf6 4. Nf3 Bd6 5. O-O O-O 6. Bg5 h6 7. Bxf6 Qxf6 8.
Nc3 c6 9. Nd2 Nd7 10. e4 d4 11. Ne2 c5 12. a4 Qe7 13. Nc4 Nf6 14. h3 Bd7 15. f4
Rac8 16. Qd2 Bb8 17. b3 Nh7 18. Rf2 f6 19. Kh2 b5 20. axb5 Bxb5 21. f5 Bxc4 22.
dxc4 Rfd8 23. Nc1 Qb7 24. Nd3 Rd6 25. Ra5 Rb6 26. Nxc5 Qe7 27. Nd3 Nf8 28. Rf1
Nd7 29. Rfa1 Nc5 30. Nb4 Qd6 31. Nd5 Rxb3 32. Rxc5 Rxc5 33. cxb3 Kf8 34. Bf1
Rc6 35. b4 1-0

[Event "N�-LL 2005/06"]
[Site "?"]
[Date "2006.02.19"]
[Round "10"]
[White "W�ber, Friedrich"]
[Black "Rumpl, Erwin"]
[Result "0-1"]
[WhiteElo "2155"]
[BlackElo "2290"]
[Annotator "Krems : Amstetten"]
[PlyCount "44"]
[EventDate "2005.09.27"]
[SourceDate "2006.02.22"]

1. e4 c5 2. c3 Nf6 3. e5 Nd5 4. d4 cxd4 5. Nf3 Nc6 6. Bc4 Nb6 7. Bb3 d5 8. exd6
Qxd6 9. O-O Be6 10. Na3 dxc3 11. Nb5 Qxd1 12. Rxd1 Rc8 13. Bxe6 fxe6 14. bxc3
a6 15. Na3 Na4 16. c4 e5 17. Re1 e6 18. Nxe5 Bb4 19. Nd3 Bxe1 20. Nxe1 O-O 21.
Be3 Ne5 22. Rc1 Ng4 0-1

[Event "N�-LL 2005/06"]
[Site "?"]
[Date "2006.02.19"]
[Round "10"]
[White "Dumancic, Pero"]
[Black "Walter, Martin"]
[Result "1-0"]
[WhiteElo "2089"]
[BlackElo "1997"]
[Annotator "Krems : Amstetten"]
[PlyCount "57"]
[EventDate "2005.09.27"]
[SourceDate "2006.02.22"]

1. d4 Nf6 2. c4 g6 3. Nc3 d5 4. cxd5 Nxd5 5. e4 Nxc3 6. bxc3 Bg7 7. Bc4 c5 8.
Be3 Qa5 9. Bd2 Nc6 10. Ne2 O-O 11. O-O cxd4 12. cxd4 Qh5 13. Bc3 Rd8 14. Qb3 e6
15. e5 b6 16. f4 Bb7 17. Ng3 Qh4 18. d5 exd5 19. Bxd5 Rxd5 20. Qxd5 Rd8 21. Qb3
Bf8 22. e6 Bc5+ 23. Kh1 Nd4 24. exf7+ Kf8 25. Qb2 Rd5 26. Rad1 Qxg3 27. Bxd4
Rh5 28. Bg7+ Kxf7 29. Qf6+ 1-0

[Event "N�-LL 2005/06"]
[Site "?"]
[Date "2006.02.19"]
[Round "10"]
[White "Penz, Harald"]
[Black "Trkulja, Zoran"]
[Result "1-0"]
[WhiteElo "2283"]
[BlackElo "2226"]
[Annotator "Korneuburg : Mauerbach"]
[PlyCount "63"]
[EventDate "2005.09.27"]
[SourceDate "2006.02.22"]

1. e4 e6 2. d4 d5 3. Nd2 Nf6 4. e5 Nfd7 5. c3 c5 6. Bd3 Nc6 7. Ngf3 Be7 8. O-O
g5 9. dxc5 Nxc5 10. Bc2 Qc7 11. Nb3 g4 12. Nfd4 Nxb3 13. axb3 Nxd4 14. Qxd4 h5
15. Be3 b6 16. b4 Bd7 17. Bd3 h4 18. Qxg4 O-O-O 19. Qd4 Rdg8 20. Ra2 f6 21.
exf6 Bd6 22. f7 Rxg2+ 23. Kxg2 e5 24. Rxa7 Qxa7 25. Qxd5 h3+ 26. Kh1 Qb7 27.
Be4 Qxd5 28. Bxd5 Kc7 29. Rg1 Rf8 30. Rg6 Bc6 31. Bxb6+ Kd7 32. Bxc6+ 1-0

[Event "N�-LL 2005/06"]
[Site "?"]
[Date "2006.02.19"]
[Round "10"]
[White "Thoma, Wilhelm"]
[Black "Hirsch, Andreas"]
[Result "1-0"]
[WhiteElo "2095"]
[BlackElo "2003"]
[Annotator "Korneuburg : Mauerbach"]
[PlyCount "61"]
[EventDate "2005.09.27"]
[SourceDate "2006.02.22"]

1. d4 f5 2. g3 g6 3. Bg2 Nf6 4. c4 Bg7 5. Nc3 d6 6. Nf3 O-O 7. O-O c6 8. Rb1
Na6 9. a3 Qe8 10. d5 h6 11. h4 Nc5 12. b4 Nce4 13. Nxe4 Nxe4 14. Qd3 e5 15.
dxe6 Bxe6 16. Nd4 Bf7 17. h5 d5 18. hxg6 Bxg6 19. cxd5 Nxf2 20. Rxf2 f4 21. e4
fxe3 22. Rxf8+ Bxf8 23. Nf5 Rd8 24. Bb2 e2 25. Re1 Qf7 26. g4 cxd5 27. Qd4 Qe6
28. Ng3 Rd7 29. Rxe2 Qd6 30. Qh8+ Kf7 31. Bxd5+ 1-0

[Event "N�-LL 2005/06"]
[Site "?"]
[Date "2006.02.19"]
[Round "10"]
[White "Ebner, Johann"]
[Black "Bechmann, Gerhard"]
[Result "0-1"]
[WhiteElo "2030"]
[BlackElo "2040"]
[Annotator "Korneuburg : Mauerbach"]
[PlyCount "57"]
[EventDate "2005.09.27"]
[SourceDate "2006.02.26"]

1. d4 f5 2. Bg5 Nf6 3. Bxf6 exf6 4. e3 d5 5. c4 c6 6. Nc3 Be6 7. Qb3 Qd7 8.
cxd5 cxd5 9. Nge2 g5 10. g3 Nc6 11. Bg2 Rd8 12. O-O Kf7 13. Rac1 Be7 14. Na4
Na5 15. Qd1 b6 16. Nec3 Qb7 17. Qe2 a6 18. Rb1 Rc8 19. g4 fxg4 20. e4 dxe4 21.
Bxe4 Qa7 22. d5 Bd7 23. d6 Bd8 24. b4 Nc6 25. f4 gxf3 26. Qxf3 Ne5 27. Qh5+ Kg7
28. Rb2 Bg4 29. Qg6+ 0-1

[Event "N�-LL 2005/06"]
[Site "?"]
[Date "2006.02.19"]
[Round "10"]
[White "Szakolczai, Peter"]
[Black "Sulyok, Michael"]
[Result "1/2-1/2"]
[WhiteElo "2278"]
[BlackElo "2164"]
[Annotator "Ybbs : Baden"]
[PlyCount "66"]
[EventDate "2005.09.27"]
[SourceDate "2006.02.26"]

1. e4 g6 2. d4 Bg7 3. Nf3 d6 4. Bd3 Nf6 5. O-O O-O 6. c3 Nc6 7. h3 e5 8. Bg5 h6
9. Be3 Nh5 10. Qd2 g5 11. dxe5 dxe5 12. Be2 Nf4 13. Bxf4 gxf4 14. Qxd8 Rxd8 15.
Na3 f5 16. exf5 Bxf5 17. Rad1 e4 18. Nh4 Bh7 19. Bg4 Ne5 20. Be6+ Kh8 21. Nb5
c6 22. Nd6 Bf8 23. Nf7+ Nxf7 24. Bxf7 Kg7 25. Bb3 Be7 26. g3 Bxh4 27. gxh4 Kf6
28. Bc2 Bf5 29. Kh2 Ke5 30. a4 a5 31. Bb3 b6 32. Bc4 Rxd1 33. Rxd1 Rb8 1/2-1/2

[Event "N�-LL 2005/06"]
[Site "?"]
[Date "2006.02.19"]
[Round "10"]
[White "Herndlbauer, Martin"]
[Black "Posch, Roland"]
[Result "1-0"]
[WhiteElo "2044"]
[BlackElo "2066"]
[Annotator "Ybbs : Baden"]
[PlyCount "91"]
[EventDate "2005.09.27"]
[SourceDate "2006.02.26"]

1. e4 e5 2. Nf3 Nc6 3. Bb5 a6 4. Ba4 Nf6 5. O-O Be7 6. Re1 b5 7. Bb3 O-O 8. h3
d6 9. c3 Bb7 10. d4 Re8 11. Nbd2 h6 12. a4 Bf8 13. d5 Na5 14. Ba2 c6 15. b4 Nc4
16. Nxc4 bxc4 17. Bxc4 cxd5 18. Bxd5 Bxd5 19. exd5 Qc7 20. Qb3 Rac8 21. Bb2 Qc4
22. Qxc4 Rxc4 23. Nd2 Rc7 24. c4 Rb8 25. Ba3 Nd7 26. g4 Nb6 27. b5 axb5 28.
axb5 Nxc4 29. Rec1 Rbc8 30. Rxc4 Rxc4 31. Nxc4 Rxc4 32. b6 Rc8 33. b7 Rb8 34.
Rb1 Be7 35. Bc1 Bg5 36. Ba3 Be7 37. h4 f5 38. gxf5 Kf7 39. Bc1 Bxh4 40. Be3 Kf6
41. Ba7 Re8 42. b8=Q Rxb8 43. Bxb8 Kxf5 44. Bxd6 Ke4 45. Rd1 Bd8 46. Bf8 1-0

[Event "N�-LL 2005/06"]
[Site "?"]
[Date "2006.02.19"]
[Round "10"]
[White "Koller, Hubert"]
[Black "Cika, Aragon"]
[Result "1-0"]
[WhiteElo "2078"]
[BlackElo "1966"]
[Annotator "Ybbs : Baden"]
[PlyCount "97"]
[EventDate "2005.09.27"]
[SourceDate "2006.02.26"]

1. d3 g6 2. g3 Bg7 3. Bg2 d5 4. c3 e5 5. Nd2 Ne7 6. h4 h6 7. e4 c6 8. Ngf3 Be6
9. Qe2 Nd7 10. O-O Bg4 11. Qe3 Qb6 12. Nb3 Qxe3 13. Bxe3 b6 14. Rae1 O-O 15.
Nh2 Be6 16. f4 dxe4 17. dxe4 f6 18. Rd1 Rfd8 19. Rd6 Bxb3 20. axb3 Nc5 21. fxe5
fxe5 22. Rfd1 Rxd6 23. Rxd6 Kf8 24. b4 Na4 25. Rd2 Ke8 26. Rc2 b5 27. b3 Nb6
28. Ra2 Nbc8 29. Bc5 Kd7 30. Bh3+ Ke8 31. Be6 Rb8 32. Nf3 Rb7 33. Ra6 Nb6 34.
Bd6 Nd7 35. Kf2 Bf6 36. Ke2 g5 37. h5 Bg7 38. Bxd7+ Rxd7 39. Bc5 Rc7 40. Bxa7
Nc8 41. Bc5 Kf7 42. g4 Ke6 43. Ne1 Nd6 44. Bxd6 Kxd6 45. Nd3 Rf7 46. c4 bxc4
47. bxc4 Rc7 48. b5 Kd7 49. b6 1-0

[Event "N�-LL 2005/06"]
[Site "?"]
[Date "2006.02.19"]
[Round "10"]
[White "Volkmann, Friedrich"]
[Black "Szvetits, Rene"]
[Result "1-0"]
[WhiteElo "2416"]
[BlackElo "2046"]
[Annotator "Wr.Neustadt : Bad V�slau/Kottingbrunn"]
[PlyCount "63"]

1. e4 c6 2. c4 d5 3. cxd5 cxd5 4. exd5 Nf6 5. Nc3 g6 6. Bc4 Bg7 7. Nf3 O-O 8.
O-O a6 9. a4 Nbd7 10. d3 Nb6 11. Qb3 Ne8 12. Be3 Nd7 13. Rfe1 Nd6 14. Qb4 Re8
15. Bf4 Bf8 16. Bb3 Nf5 17. g4 e5 18. dxe6 Rxe6 19. Qc4 Nb6 20. Qc7 Qxc7 21.
Bxc7 Rc6 22. Bf4 Nd6 23. Ne5 Rc7 24. a5 Nd7 25. Nxf7 Nc5 26. Nxd6+ Nxb3 27. Re8
Nxa1 28. Bh6 Rf7 29. Nxf7 Kxf7 30. Rxf8+ Ke6 31. Na4 Nb3 32. Nb6 1-0

[Event "N�-LL 2005/06"]
[Site "?"]
[Date "2006.02.19"]
[Round "10"]
[White "Zojer, Thomas"]
[Black "Wiedner, Robert"]
[Result "1/2-1/2"]
[WhiteElo "2044"]
[BlackElo "2172"]
[Annotator "Wr.Neustadt : Bad V�slau/Kottingbrunn"]
[PlyCount "72"]

1. d4 Nf6 2. Nf3 e6 3. c4 b6 4. Nc3 Bb4 5. Bd2 Ba6 6. e3 Bb7 7. Bd3 O-O 8. O-O
Bxc3 9. Bxc3 Be4 10. d5 Bxd3 11. Qxd3 h6 12. Rad1 Qe7 13. d6 cxd6 14. Bb4 Ne8
15. Bxd6 Nxd6 16. Qxd6 Qxd6 17. Rxd6 Rc8 18. b3 Kf8 19. Rfd1 Ke7 20. e4 Rc7 21.
Kf1 Nc6 22. Nd4 Kxd6 23. Nb5+ Ke5 24. Nxc7 Rd8 25. f3 Nd4 26. Kf2 d6 27. Rd2
Rd7 28. Ke3 Nxf3 29. gxf3 Rxc7 30. f4+ Kf6 31. Rxd6 g5 32. Rd8 gxf4+ 33. Kxf4
Rc5 34. Rd7 a5 35. a4 Kg6 36. Re7 Kf6 1/2-1/2

[Event "N�-LL 2005/06"]
[Site "?"]
[Date "2006.02.19"]
[Round "10"]
[White "Lucaci, Marius"]
[Black "Brehovsky, Paul"]
[Result "0-1"]
[WhiteElo "2153"]
[BlackElo "2025"]
[Annotator "Wr.Neustadt : Bad V�slau/Kottingbrunn"]
[PlyCount "92"]

1. e4 e6 2. d4 d5 3. Nd2 dxe4 4. Nxe4 Nf6 5. Bd3 Nbd7 6. Nf3 Nxe4 7. Bxe4 Nf6
8. Bd3 Be7 9. O-O O-O 10. c4 b6 11. Ne5 Bb7 12. Be3 c5 13. dxc5 Bxc5 14. Bxc5
bxc5 15. Re1 Qc7 16. Qc2 Rad8 17. Re3 Rd4 18. Rae1 Rfd8 19. h3 h6 20. Qa4 Nd7
21. Nxd7 Qxd7 22. Qxd7 R8xd7 23. Be2 Rd2 24. Rb3 Kf8 25. f3 Ke7 26. Kf1 Kf6 27.
Rb5 Rc7 28. a3 Ba6 29. Ra5 Rc6 30. b3 Rb2 31. Bd1 Rd6 32. Rxc5 Rdd2 33. Be2
Rxb3 34. Ra5 Bb7 35. Rxa7 Rbb2 36. Ra5 Rdc2 37. a4 Ra2 38. Ra7 Bc6 39. a5 Ba4
40. Rb7 Rc3 41. a6 Bb3 42. c5 Bd5 43. Rbb1 Rxc5 44. Rec1 Rca5 45. Ke1 Ba8 46.
Rb4 Re5 0-1

[Event "N�-LL 2005/06"]
[Site "?"]
[Date "2006.03.05"]
[Round "11"]
[White "Wukits, Rene"]
[Black "Sulyok, Michael"]
[Result "1/2-1/2"]
[WhiteElo "2329"]
[BlackElo "2164"]
[Annotator "Baden : Ternitz/Gloggnitz"]
[PlyCount "31"]
[EventDate "2005.09.27"]
[SourceDate "2006.03.08"]

1. d4 f5 2. e4 fxe4 3. Nc3 Nf6 4. Bg5 Nc6 5. d5 Ne5 6. Qe2 c6 7. Bxf6 gxf6 8.
O-O-O cxd5 9. Qh5+ Nf7 10. Qxd5 e6 11. Qxe4 Bh6+ 12. Kb1 f5 13. Qb4 Qe7 14.
Qxe7+ Kxe7 15. g3 Rb8 16. a4 1/2-1/2

[Event "N�-LL 2005/06"]
[Site "?"]
[Date "2006.03.05"]
[Round "11"]
[White "Herndlbauer, Martin"]
[Black "Weinwurm, Wolfgang"]
[Result "1-0"]
[WhiteElo "2044"]
[BlackElo "2091"]
[Annotator "Baden : Ternitz/Gloggnitz"]
[PlyCount "93"]
[EventDate "2005.09.27"]
[SourceDate "2006.03.08"]

1. e4 e5 2. Nf3 Nc6 3. Bb5 f5 4. Nc3 fxe4 5. Nxe4 d5 6. Nxe5 dxe4 7. Nxc6 Qg5
8. Qe2 Nf6 9. f4 Qxf4 10. Ne5+ c6 11. d4 Qh4+ 12. g3 Qh3 13. Bc4 Be6 14. Bg5
Bd6 15. O-O-O O-O-O 16. Bxe6+ Qxe6 17. Qc4 Qxc4 18. Nxc4 Bc7 19. Rhf1 Rhf8 20.
c3 h6 21. Bxf6 Rxf6 22. Rxf6 gxf6 23. Rf1 Rf8 24. Nd2 e3 25. Nc4 Re8 26. Re1 f5
27. Rxe3 Rxe3 28. Nxe3 f4 29. Nf5 fxg3 30. hxg3 Kd7 31. Kd2 Ke6 32. Nxh6 Bxg3
33. Ke3 b5 34. Ke4 a5 35. b3 Be1 36. c4 a4 37. cxb5 cxb5 38. Nf5 Bc3 39. Ne3
Be1 40. Nd5 axb3 41. axb3 Kd6 42. Ne3 Bc3 43. Nf5+ Ke6 44. d5+ Kd7 45. Nd4 b4
46. Nb5 Be1 47. Kd4 1-0

[Event "N�-LL 2005/06"]
[Site "?"]
[Date "2006.03.05"]
[Round "11"]
[White "Degen, Gerhard"]
[Black "Geismann, Bernhard"]
[Result "1-0"]
[WhiteElo "2117"]
[BlackElo "2027"]
[Annotator "Baden : Ternitz/Gloggnitz"]
[PlyCount "39"]
[EventDate "2005.09.27"]
[SourceDate "2006.03.08"]

1. d4 d5 2. Nf3 Nc6 3. e3 Bg4 4. Be2 Nf6 5. O-O Bxf3 6. Bxf3 e5 7. c4 e4 8. Be2
dxc4 9. Bxc4 Bd6 10. Nc3 O-O 11. a3 Re8 12. h3 Qd7 13. Bd2 Ne7 14. f3 exf3 15.
Qxf3 Qc6 16. Qe2 Qd7 17. Rxf6 gxf6 18. Ne4 Qf5 19. Bd3 Nd5 20. Nxd6 1-0

[Event "N�-LL 2005/06"]
[Site "?"]
[Date "2006.03.05"]
[Round "11"]
[White "Spalt, Bernhard"]
[Black "Weninger, Robert"]
[Result "1/2-1/2"]
[WhiteElo "1990"]
[BlackElo "2028"]
[Annotator "Baden : Ternitz/Gloggnitz"]
[PlyCount "67"]
[EventDate "2005.09.27"]
[SourceDate "2006.03.08"]

1. d4 Nf6 2. c4 g6 3. Nc3 d5 4. h4 c5 5. Nf3 cxd4 6. Nxd5 Nxd5 7. cxd5 Bg7 8.
Nxd4 Qxd5 9. e3 Nc6 10. Nxc6 Qxc6 11. Be2 Be6 12. Bf3 Qa6 13. Be2 Bc4 14. Bxc4
Qxc4 15. Qe2 Qb4+ 16. Qd2 Qg4 17. f3 Qe6 18. h5 O-O 19. hxg6 hxg6 20. Qb4 Rfd8
21. Qh4 Qd6 22. e4 Qd1+ 23. Kf2 Bd4+ 24. Kg3 Be5+ 25. Bf4 Qd6 26. Rh2 Bxf4+ 27.
Qxf4 Qxf4+ 28. Kxf4 Kg7 29. Rah1 Rd2 30. e5 Rg8 31. g3 Rxh2 32. Rxh2 Rc8 33.
Rd2 Rc7 34. Ke4 1/2-1/2

[Event "N�-LL 2005/06"]
[Site "?"]
[Date "2006.03.05"]
[Round "11"]
[White "Lanc, Alois"]
[Black "Plachetka, Jan"]
[Result "1/2-1/2"]
[WhiteElo "2419"]
[BlackElo "2422"]
[Annotator "Bad V�slau/Kottingbrunn : Ybbs"]
[PlyCount "34"]
[EventDate "2005.09.27"]
[SourceDate "2006.03.08"]

1. e4 e5 2. Nf3 Nc6 3. Bb5 a6 4. Ba4 Nf6 5. O-O Be7 6. Re1 b5 7. Bb3 O-O 8. d3
d6 9. a4 Bb7 10. Nc3 Na5 11. Ba2 b4 12. Ne2 c5 13. c3 bxc3 14. bxc3 c4 15. Ng3
cxd3 16. Qxd3 Nd7 17. Ba3 Qc7 1/2-1/2

[Event "N�-LL 2005/06"]
[Site "?"]
[Date "2006.03.05"]
[Round "11"]
[White "Brehovsky, Paul"]
[Black "Szakolczai, Peter"]
[Result "1/2-1/2"]
[WhiteElo "2025"]
[BlackElo "2278"]
[Annotator "Bad V�slau/Kottingbrunn : Ybbs"]
[PlyCount "103"]
[EventDate "2005.09.27"]
[SourceDate "2006.03.08"]

1. d4 Nf6 2. Nf3 e6 3. e3 b6 4. Be2 Bb7 5. O-O Be7 6. c4 O-O 7. a3 c5 8. Nbd2
d6 9. b4 Nbd7 10. Bb2 Qc7 11. Qc2 Rfe8 12. Rfd1 cxd4 13. exd4 Rac8 14. Rac1 Nf8
15. Ne1 Ng6 16. Bf3 e5 17. Bxb7 Qxb7 18. Nf1 Nh5 19. dxe5 Nxe5 20. Bxe5 dxe5
21. Qf5 g6 22. Qd7 Qa8 23. Ne3 Bg5 24. N1c2 Nf4 25. Qg4 h6 26. Rd7 f5 27. Qd1
Rcd8 28. Kf1 Qc6 29. Rd2 Nxg2 30. b5 Nxe3+ 31. Nxe3 Qh1+ 32. Ke2 Qe4 33. Rxd8
Rxd8 34. Qc2 Qh4 35. c5 Qh5+ 36. Ke1 bxc5 37. Qc4+ Kh8 38. Qxc5 Qxh2 39. Nf1
Qf4 40. Rc4 e4 41. Rd4 Qb8 42. Rxd8+ Qxd8 43. Qxa7 Bf6 44. Qc5 Bd4 45. Qc6 Bg7
46. Nd2 Qd3 47. b6 Bc3 48. Qe8+ Kh7 49. Qe7+ Kh8 50. Qe8+ Kh7 51. Qe7+ Kh8 52.
Qe8+ 1/2-1/2

[Event "N�-LL 2005/06"]
[Site "?"]
[Date "2006.03.05"]
[Round "11"]
[White "Kreischer, Georg"]
[Black "Zojer, Thomas"]
[Result "1-0"]
[WhiteElo "2099"]
[BlackElo "2044"]
[Annotator "Bad V�slau/Kottingbrunn : Ybbs"]
[PlyCount "89"]
[EventDate "2005.09.27"]
[SourceDate "2006.03.08"]

1. e4 c5 2. Nf3 Nc6 3. g3 g6 4. Bg2 Bg7 5. O-O e5 6. Nc3 Nf6 7. d3 O-O 8. h3 d6
9. Kh2 Be6 10. Be3 Qd7 11. Ng5 Nd4 12. Nxe6 Nxe6 13. Ne2 Rad8 14. c4 Kh8 15.
Qd2 Ng8 16. a3 Ne7 17. b4 f5 18. exf5 gxf5 19. Bh6 Ng6 20. Bxg7+ Qxg7 21. Bd5
Rde8 22. Rab1 f4 23. Ng1 Qh6 24. Qe2 Nd4 25. Qg4 Rf5 26. Nf3 Ref8 27. Nxd4 exd4
28. Rg1 Ne5 29. Qd1 Rh5 30. h4 f3 31. Kh3 Qg6 32. g4 Rh6 33. Qd2 Nxd3 34. Kg3
Nf4 35. Bxf3 Qf6 36. g5 Ne2+ 37. Qxe2 Qf4+ 38. Kg2 Rxh4 39. Rb3 Rh2+ 40. Kf1
Kg8 41. Bd5+ Kg7 42. Rf3 Qc1+ 43. Qe1 Qxe1+ 44. Kxe1 Re8+ 45. Kd2 1-0

[Event "N�-LL 2005/06"]
[Site "?"]
[Date "2006.03.05"]
[Round "11"]
[White "Szvetits, Rene"]
[Black "Koller, Hubert"]
[Result "1/2-1/2"]
[WhiteElo "2046"]
[BlackElo "2078"]
[Annotator "Bad V�slau/Kottingbrunn : Ybbs"]
[PlyCount "50"]
[EventDate "2005.09.27"]
[SourceDate "2006.03.08"]

1. e4 c6 2. d4 d5 3. Nc3 dxe4 4. Nxe4 Nf6 5. Nxf6+ exf6 6. Nf3 Bg4 7. Be2 Bd6
8. O-O O-O 9. c4 Re8 10. b3 Qe7 11. Bd3 Nd7 12. Bb2 Rad8 13. Kh1 Nf8 14. Bc3
Qd7 15. Bc2 Bf5 16. Re1 Ng6 17. Rc1 Ba3 18. Rxe8+ Rxe8 19. Bxf5 Qxf5 20. Qc2
Qg4 21. h3 Qd7 22. Re1 Bd6 23. Bd2 h6 24. Re4 Rxe4 25. Qxe4 Qe6 1/2-1/2

[Event "N�-LL 2005/06"]
[Site "MyTown"]
[Date "2006.03.05"]
[Round "11"]
[White "Todor, Razvan"]
[Black "Schorn, Christoph"]
[Result "1/2-1/2"]
[WhiteElo "2125"]
[BlackElo "2134"]
[Annotator "Mauerbach : Wr.Neustadt"]
[PlyCount "42"]
[EventDate "2006.??.??"]

1. e4 c5 2. Nc3 a6 3. a4 Nc6 4. Nge2 d6 5. d4 cxd4 6. Nxd4 Nf6 7. Be2 e5 8. Nb3
Be6 9. Be3 Be7 10. O-O O-O 11. f3 d5 12. exd5 Nxd5 13. Nxd5 Bxd5 14. c3 Rc8 15.
Kh1 Na5 16. Nxa5 Qxa5 17. b4 Qd8 18. Rc1 Bc4 19. Bxc4 Rxc4 20. Qb3 Qc7 (20...
b5) 21. a5 Rc8 1/2-1/2

-1/2

[Event "N�-LL 2005/06"]
[Site "MyTown"]
[Date "2006.03.05"]
[Round "11"]
[White "Weissenbeck, Manuel"]
[Black "Volkmann, Friedrich"]
[Result "0-1"]
[WhiteElo "2240"]
[BlackElo "2418"]
[Annotator "Mauerbach : Wr.Neustadt"]
[PlyCount "68"]
[EventDate "2006.??.??"]

1. d4 d5 2. Nf3 Nf6 3. c4 e6 4. Nc3 c6 5. e3 Nbd7 6. Bd3 dxc4 7. Bxc4 b5 8. Bd3
Bb7 9. O-O a6 10. a4 b4 11. Ne4 c5 12. Ng3 Bd6 13. b3 h5 14. Ng5 Qc7 15. f4
cxd4 16. N3e4 Nc5 17. Nxc5 Bxc5 18. e4 Ng4 19. Qe2 Rd8 20. Kh1 Be7 21. Nf3 O-O
22. h3 Ne3 23. Bxe3 dxe3 24. Ne5 Bf6 25. Bxa6 Bxe5 26. fxe5 Bxa6 27. Qxa6 Qxe5
28. Rae1 Qxe4 29. Rf3 Rd3 30. Rf4 Qg6 31. Qb7 Rxb3 32. Rxb4 Rxb4 33. Qxb4 Qd3
34. a5 Qd2 0-1

Qd2 0-1

[Event "N�-LL 2005/06"]
[Site "MyTown"]
[Date "2006.03.05"]
[Round "11"]
[White "Schroll, Gerhard"]
[Black "Penz, Harald"]
[Result "1/2-1/2"]
[WhiteElo "2354"]
[BlackElo "2286"]
[Annotator "Mauerbach : Wr.Neustadt"]
[PlyCount "82"]
[EventDate "2006.??.??"]

1. e4 e5 2. Nf3 Nf6 3. Nxe5 d6 (3... Nxe4 4. Nc3 Nxc3 5. dxc3 Be7 6. Bf4 O-O 7.
Qd2 Nc6 8. O-O-O Re8 9. h3) 4. Nf3 Nxe4 5. Nc3 Nxc3 6. dxc3 Be7 7. Bf4 O-O 8.
Qd2 Nc6 9. O-O-O Re8 10. h3 Bf5 11. Bc4 Bf6 12. Rhe1 Qd7 13. Ng5 Bg6 14. Bd5 h6
15. Ne4 Be5 16. Bxe5 Rxe5 17. f4 Ree8 18. g4 Bxe4 19. Bxe4 Re7 20. Bxc6 bxc6
21. Rxe7 Qxe7 22. Re1 Qd7 23. Qe3 Kf8 24. Kd2 c5 25. f5 Re8 26. Qxe8+ Qxe8 27.
Rxe8+ Kxe8 28. Ke3 Ke7 29. Ke4 c6 30. c4 f6 31. c3 Kd7 32. b4 a6 33. Kf4 Kc7
34. h4 Kb6 35. Ke4 a5 36. a3 Ka6 37. Ke3 Kb6 38. Kd3 Ka6 39. Kc2 a4 40. Kd3 Kb6
41. Ke4 Ka6 1/2-1/2

1/2-1/2

[Event "N�-LL 2005/06"]
[Site "MyTown"]
[Date "2006.03.05"]
[Round "11"]
[White "Tatzmann, Peter"]
[Black "Posch, Werner"]
[Result "1/2-1/2"]
[WhiteElo "2015"]
[BlackElo "2196"]
[Annotator "Mauerbach : Wr.Neustadt"]
[PlyCount "159"]
[EventDate "2006.??.??"]

1. e4 Nf6 2. e5 Nd5 3. c4 Nb6 4. c5 Nd5 5. Nc3 e6 6. Nxd5 exd5 7. d4 d6 8. cxd6
cxd6 9. Nf3 Nc6 10. Be2 dxe5 11. dxe5 Bb4+ 12. Bd2 Qa5 13. a3 Bxd2+ 14. Qxd2
Qxd2+ 15. Kxd2 Bg4 16. Rhe1 Rc8 17. Rac1 Ke7 18. h3 Bh5 19. g4 Bg6 20. Bd3 Bxd3
21. Kxd3 h5 22. Nd4 Nxd4 23. Kxd4 hxg4 24. hxg4 Ke6 25. f4 g6 26. f5+ gxf5 27.
gxf5+ Kxf5 28. Rf1+ Ke6 29. Rf6+ Ke7 30. Rcf1 Rh7 31. Kxd5 Rc2 32. R1f2 Rc1 33.
Rf1 Rxf1 34. Rxf1 Rh2 35. b3 Rh3 36. Kc4 b5+ 37. Kb4 Re3 38. Rf5 a6 39. Ka5
Rxb3 40. Kxa6 b4 41. axb4 Rxb4 42. Ka5 Rb1 43. Rf6 Rh1 44. Rf5 Rh7 45. Kb5 Ke6
46. Rg5 Rh1 47. Kc4 Rd1 48. Rh5 Rd8 49. Rh7 Rd7 50. Rh5 Rd2 51. Rh7 Rf2 52. Kd4
Rf4+ 53. Ke3 Kxe5 54. Rh5+ Rf5 55. Rh8 Rf6 56. Rh5+ Rf5 57. Rh8 Rf1 58. Ra8
Re1+ 59. Kf2 Rb1 60. Ra5+ Kf4 61. Ra4+ Kg5 62. Ra5+ f5 63. Ra4 Rb2+ 64. Kf3
Rb3+ 65. Kf2 Rc3 66. Rb4 Ra3 67. Rc4 Ra5 68. Rb4 Kf6 69. Rb6+ Ke5 70. Rb4 Ra8
71. Ke2 f4 72. Kf2 Kf5 73. Rb3 Kg4 74. Kg2 Ra2+ 75. Kf1 Ra5 76. Kf2 Rh5 77. Kg1
f3 78. Rb8 Re5 79. Kf2 Re2+ 80. Kf1 1/2-1/2

/2-1/2

[Event "N�-LL 2005/06"]
[Site "?"]
[Date "2006.03.05"]
[Round "11"]
[White "Mozny, Milos"]
[Black "Stanivukovic, Drago"]
[Result "1-0"]
[WhiteElo "2373"]
[BlackElo "2080"]
[Annotator "Krems : Korneuburg"]
[PlyCount "59"]
[EventDate "2005.09.27"]
[SourceDate "2006.03.08"]

1. d4 Nf6 2. Nf3 g6 3. g3 Bg7 4. Bg2 d6 5. O-O O-O 6. c4 c6 7. Nc3 Nbd7 8. e4
Nb6 9. b3 Bg4 10. Be3 d5 11. exd5 cxd5 12. c5 Nbd7 13. h3 Bxf3 14. Qxf3 e6 15.
b4 a6 16. a4 Re8 17. Rfd1 Qc7 18. Rab1 b6 19. Bf4 Qc8 20. Bd6 Bf8 21. Bxf8 Rxf8
22. Rdc1 bxc5 23. dxc5 Qd8 24. Qe2 a5 25. b5 Nxc5 26. Nxd5 Nxa4 27. Nxf6+ Qxf6
28. Bxa8 Rxa8 29. b6 Rb8 30. b7 1-0

[Event "N�-LL 2005/06"]
[Site "?"]
[Date "2006.03.05"]
[Round "11"]
[White "Mayer, Martin"]
[Black "Haider, Johann"]
[Result "1-0"]
[WhiteElo "1967"]
[BlackElo "1931"]
[Annotator "Krems : Korneuburg"]
[PlyCount "79"]
[EventDate "2005.09.27"]
[SourceDate "2006.03.08"]

1. e4 g6 2. Nf3 Bg7 3. d4 d6 4. c3 Nf6 5. Qc2 O-O 6. Be2 Nc6 7. Bg5 Nd7 8. Nbd2
Qe8 9. d5 Ncb8 10. Nd4 c5 11. Nb5 Na6 12. f4 Nb6 13. a4 Bd7 14. O-O Bxb5 15.
Bxb5 Qd8 16. a5 Nc8 17. Nf3 Nc7 18. Ba4 h6 19. Bh4 Kh7 20. g4 Na6 21. Bb5 Nc7
22. Bd3 Qd7 23. f5 b5 24. e5 Nxd5 25. fxg6+ Kh8 26. e6 fxe6 27. Rae1 e5 28. Bf5
e6 29. Be4 Nce7 30. Qd2 Rf4 31. h3 Raf8 32. Bg3 R4f6 33. g5 hxg5 34. Qxg5 Nf5
35. Bxf5 Rxf5 36. Qh4+ Bh6 37. Qxh6+ Kg8 38. Nxe5 dxe5 39. Bxe5 Qe7 40. Qh8#
1-0